A dónde se va la excursión cuando llego a casa? : los límites del entendimiento conceptual en el autismo : implicaciones pedagógicas (Record no. 124010)
[ view plain ]
| 000 -CABECERA | |
|---|---|
| campo de control de longitud fija | 00596nab a2200193 a 4500 |
| 005 - FECHA Y HORA DE LA ÚLTIMA TRANSACCIÓN | |
| campo de control | 20240910064328.0 |
| 008 - ELEMENTOS DE LONGITUD FIJA--INFORMACIÓN GENERAL | |
| campo de control de longitud fija | 991125s1985 mx 000 0 spa u |
| 035 ## - NÚMERO DE CONTROL DEL SISTEMA | |
| Número de control de sistema | UPN01000151875 |
| 100 1# - ASIENTO PRINCIPAL--NOMBRE PERSONAL | |
| Nombre de persona | BJORNE, Petra |
| 222 ## - TÍTULO CLAVE | |
| Título clave | PSICOLOGIA IBEROAMERICANA |
| 245 ## - MENCIÓN DE TÍTULO | |
| Título | A dónde se va la excursión cuando llego a casa? : los límites del entendimiento conceptual en el autismo : implicaciones pedagógicas |
| 260 ## - PUBLICACIÓN, DISTRIBUCIÓN, ETC. | |
| Lugar de publicación, distribución, etc. | México |
| 300 ## - DESCRIPCIÓN FÍSICA | |
| Extensión | 27-33 |
| 362 0# - FECHAS DE PUBLICACIÓN Y/O DESIGNACIÓN SECUENCIAL | |
| Fecha de publicación y/o designación secuencial | 2006 Vol. 14, no. 1, jun. |
| 650 #2 - ASIENTO SECUNDARIO DE MATERIA - TERMINO TEMATICO | |
| Término de materia o nombre geográfico como elemento de entrada | Autismo |
| 9 (RLIN) | 362 |
| 650 #4 - ASIENTO SECUNDARIO DE MATERIA - TERMINO TEMATICO | |
| Término de materia o nombre geográfico como elemento de entrada | Aprendizaje |
| 9 (RLIN) | 2861 |
| 650 #4 - ASIENTO SECUNDARIO DE MATERIA - TERMINO TEMATICO | |
| Término de materia o nombre geográfico como elemento de entrada | CONCEPTO |
| 905 ## - TIPO DE MATERIAL | |
| Tipo de material | Articulo |
No items available.
